书目信息 |
| 题名: |
追缴腐败犯罪所得国际司法协助研究
|
|
| 作者: | 裴兆斌 著 | |
| 分册: | ||
| 出版信息: | 北京 中国人民公安大学出版社 2013.06 |
|
| 页数: | 321页 | |
| 开本: | 22cm | |
| 丛书名: | ||
| 单 册: | ||
| 中图分类: | D924.304 | |
| 科图分类: | ||
| 主题词: | 职务犯罪--司法协助--研究--中国 , 职务犯罪 , 司法协助 | |
| 电子资源: | ||
| ISBN: | 978-7-5653-1270-0 | |
| 000 | 00931nam0 2200253 450 | |
| 001 | 519 | |
| 005 | 20140908090234.00 | |
| 010 | @a978-7-5653-1270-0@dCNY40.00 | |
| 100 | @a20130712d2013 em y0chiy0110 ea | |
| 101 | 0 | @achi |
| 102 | @aCN@b110000 | |
| 105 | @ac z 000yy | |
| 106 | @ar | |
| 200 | 1 | @a追缴腐败犯罪所得国际司法协助研究@AZhui Jiao Fu Bai Fan Zui Suo De Guo Ji Si Fa Xie Zhu Yan Jiu@f裴兆斌著@FPei Zhao Bin Zhu |
| 210 | @a北京@c中国人民公安大学出版社@d2013.06 | |
| 215 | @a321页@c肖像@d22cm | |
| 330 | @a本书在国内外既有研究成果的基础上,系统阐释了中国在追缴腐败犯罪所得国际司法协助理念上的落后和相关制度的缺失,并在此基础上,就相关问题进行了卓有成效的探索,形成了诸多学术亮点。 | |
| 606 | 0 | @a职务犯罪@x司法协助@x研究@y中国 |
| 606 | 0 | @a职务犯罪 |
| 606 | 0 | @a司法协助 |
| 690 | @aD924.304@v5 | |
| 701 | 0 | @a裴兆斌@APei Zhao Bin@4著 |
| 801 | 0 | @aCN@bTANGWEI@c20140715 |
| 905 | @b0838207-09@dD924.304@e423@f3 | |
| 追缴腐败犯罪所得国际司法协助研究/裴兆斌著.-北京:中国人民公安大学出版社,2013.06 |
| 321页:肖像;22cm |
| ISBN 978-7-5653-1270-0:CNY40.00 |
| 本书在国内外既有研究成果的基础上,系统阐释了中国在追缴腐败犯罪所得国际司法协助理念上的落后和相关制度的缺失,并在此基础上,就相关问题进行了卓有成效的探索,形成了诸多学术亮点。 |
| ● |
| 相关链接 |
|
|
|
|
正题名:追缴腐败犯罪所得国际司法协助研究
索取号:D924.304/423
 
预约/预借
| 序号 | 登录号 | 条形码 | 馆藏地/架位号 | 状态 | 备注 |
| 1 | 0838207 | 208382070 | 第一样本阅览室/ [索取号:D924.304/423] | 在馆 | |
| 2 | 0838208 | 208382089 | 密集书库-史法系/ [索取号:D924.304/423] | 在馆 | |
| 3 | 0838209 | 208382098 | 第一借阅区/ [索取号:D924.304/423] | 在馆 |